| 000 | 00000nam##2200000za#4500 |
| 001 | 9.602152 |
| 003 | CaOODSP |
| 005 | 20210624210427 |
| 007 | cr ||||||||||| |
| 008 | 150406|2000||||xxc|||||o f|0| 0 fre|d |
| 040 | |aCaOODSP|bfre |
| 043 | |an-cn--- |
| 086 | 1 |aNH18-23/55-2F-PDF |
| 110 | 2 |aSociété canadienne d'hypothèques et de logement. |
| 245 | 10|aÉtudes spéciales sur les données du recensement de 1996 : |h[ressource électronique]|bla situation du logement dans les régions métropolitaines |
| 260 | |aOttawa - Ontario : |bSociété canadienne d'hypothèques et de logement |c[2000]. |
| 300 | |a6p.|btableaux |
| 490 | 1 |aLe point en recherche. Série socio-économique|v55-2 |
| 590 | |a11-22-Supp|b2011-10-13 |
| 691 | 07|aRevenu familial|2gcpds |
| 691 | 07|aLogement|2gcpds |
| 775 | 08|tSpecial studies on 1996 census data : |w(CaOODSP)9.571725 |
| 776 | 0#|tÉtudes spéciales sur les données du recensement de 1996 : |w(CaOODSP)9.625607 |
| 830 | #0|aLe point en recherche. Série socio-économique ;|v55-2|w(CaOODSP)9.501568 |
| 856 | 40|ahttp://publications.gc.ca|qPDF|s177 Ko|uhttps://publications.gc.ca/collections/Collection/NH18-23-55-2F.pdf|y55-2 |